[Event "V. Art Pub Kupa"]
[Site "?"]
[Date "2014.08.10"]
[Round "6.1"]
[White "Kovacs, David"]
[Black "Halak, Miklos"]
[Result "1/2-1/2"]
[WhiteElo "2201"]
[BlackElo "2197"]
[PlyCount "55"]
[EventDate "2014.08.07"]
[SourceDate "2014.08.07"]

1. e4 d6 2. d4 Nf6 3. Nc3 e5 4. Nf3 Nbd7 5. Bc4 h6 6. O-O c6 7. a4 Be7 8. Re1
O-O 9. b3 Qc7 10. Bb2 Re8 11. Bd3 Nf8 12. h3 Ng6 13. Ne2 Nh5 14. Qd2 Bf6 15.
Rad1 Ngf4 16. Nxf4 Nxf4 17. Bf1 Ng6 18. Ba3 Be6 19. dxe5 dxe5 20. Bd6 Qc8 21.
Qc3 b6 22. Rd2 a5 23. Red1 Qb7 24. Ba3 Rac8 25. Bb2 Red8 26. Rxd8+ Rxd8 27.
Rxd8+ Bxd8 28. Qd2 1/2-1/2

[Event "V. Art Pub Kupa"]
[Site "?"]
[Date "2014.08.10"]
[Round "6.2"]
[White "Kormos, Adam"]
[Black "Juhasz, Mark"]
[Result "0-1"]
[WhiteElo "2144"]
[BlackElo "2210"]
[PlyCount "74"]
[EventDate "2014.08.07"]
[SourceDate "2014.08.07"]

1. e4 d6 2. d4 Nf6 3. Nc3 c6 4. g3 Nbd7 5. Bg2 e5 6. Nge2 Be7 7. O-O O-O 8. a4
b6 9. b3 Bb7 10. Bb2 Qc7 11. Nb1 Rfe8 12. Nd2 Rad8 13. Re1 Bf8 14. c4 d5 15.
cxd5 cxd5 16. Rc1 Qb8 17. dxe5 Nxe4 18. f4 Ndc5 19. Nf3 Ba6 20. Ned4 Nd3 21.
Nc6 Qa8 22. Nxd8 Nxb2 23. Qd4 Nd3 24. Nc6 Nxe1 25. Qxd5 Nd3 26. Qxe4 Nxc1 27.
Ng5 g6 28. Qd5 Qb7 29. Ne4 Re6 30. Nf6+ Kg7 31. f5 Rxc6 32. Ne8+ Kg8 33. e6
Ne2+ 34. Kf2 Rc5 35. Nf6+ Kh8 36. Qd8 Rxf5+ 37. Ke1 Qe7 0-1

[Event "V. Art Pub Kupa"]
[Site "?"]
[Date "2014.08.10"]
[Round "6.3"]
[White "Cvetanovic, Damjan"]
[Black "Teglas, Balazs"]
[Result "0-1"]
[WhiteElo "2078"]
[BlackElo "2182"]
[PlyCount "82"]
[EventDate "2014.08.07"]
[SourceDate "2014.08.07"]

1. d4 Nf6 2. c4 e6 3. g3 c5 4. d5 exd5 5. cxd5 d6 6. Nc3 a6 7. a4 g6 8. Bg2 Bg7
9. Nf3 O-O 10. O-O Nbd7 11. Bf4 Qe7 12. h3 h6 13. Re1 Nh7 14. e4 g5 15. Be3 Re8
16. Nd2 Ne5 17. Qe2 Nf8 18. Kh2 g4 19. h4 Rb8 20. Nc4 Nxc4 21. Qxc4 Ng6 22.
Reb1 Ne5 23. Qe2 Qf6 24. Bf4 Ng6 25. Qe3 Nxf4 26. Qxf4 Qxf4 27. gxf4 b5 28.
axb5 axb5 29. Ra5 b4 30. Nb5 Rb6 31. Nxd6 Rxd6 32. Rxc5 Bd4 33. Rc4 Bxf2 34.
Rxb4 f6 35. h5 g3+ 36. Kh1 Be3 37. Rf1 Ba6 38. e5 Bxf1 39. exd6 Bxg2+ 40. Kxg2
Bf2 41. Re4 Rxe4 0-1

[Event "V. Art Pub Kupa"]
[Site "?"]
[Date "2014.08.10"]
[Round "6.4"]
[White "Schweighoffer, Martin"]
[Black "Nominerdene, Davaademberel"]
[Result "1-0"]
[WhiteElo "2000"]
[BlackElo "2095"]
[PlyCount "71"]
[EventDate "2014.08.07"]
[SourceDate "2014.08.07"]

1. e4 c6 2. d4 d5 3. Nd2 dxe4 4. Nxe4 Bf5 5. Ng3 Bg6 6. Nf3 Nd7 7. h4 h6 8. h5
Bh7 9. Bd3 Bxd3 10. Qxd3 e6 11. Bd2 Ngf6 12. O-O-O Be7 13. Ne4 Nxe4 14. Qxe4
Nf6 15. Qd3 Qc7 16. Ne5 Bd6 17. f4 O-O-O 18. Qf3 Kb8 19. c4 Rhf8 20. Kb1 Ka8
21. Rh3 Nd7 22. Rg3 f6 23. Ng6 Rf7 24. c5 Bf8 25. Qb3 Nb8 26. Bc3 Qd7 27. Re1
Qd5 28. Qxd5 exd5 29. Rge3 Bxc5 30. dxc5 d4 31. Rd3 Rfd7 32. Ba5 Rc8 33. Ne7
Re8 34. Nf5 Rxe1+ 35. Bxe1 Rd5 36. g4 1-0

[Event "V. Art Pub Kupa"]
[Site "?"]
[Date "2014.08.10"]
[Round "6.5"]
[White "Repasi, Zoltan Sr"]
[Black "Bellan, Istvan"]
[Result "1-0"]
[WhiteElo "2090"]
[BlackElo "1884"]
[PlyCount "131"]
[EventDate "2014.08.07"]
[SourceDate "2014.08.07"]

1. e4 c5 2. Nf3 d6 3. d4 cxd4 4. Nxd4 Nf6 5. Nc3 a6 6. Bc4 e6 7. Bb3 Be7 8. Be3
O-O 9. f3 Nc6 10. Qd2 Nxd4 11. Bxd4 b5 12. O-O-O Bb7 13. g4 Nd7 14. Qf2 Qc7 15.
Kb1 Nc5 16. Rhg1 Bc6 17. g5 a5 18. e5 Nxb3 19. exd6 Bxd6 20. cxb3 Be5 21. Bb6
Qb7 22. Rd3 Rfb8 23. Rgd1 g6 24. Bc5 b4 25. Na4 Bb5 26. R3d2 Bf4 27. Be3 Bxe3
28. Qxe3 Bxa4 29. bxa4 Rc8 30. Rd7 Qc6 31. Qf4 Qc2+ 32. Ka1 Qf5 33. Qxf5 exf5
34. Kb1 Rc5 35. R7d5 Rac8 36. h4 Kg7 37. b3 h6 38. R1d2 hxg5 39. hxg5 R8c7 40.
f4 Rc1+ 41. Kb2 R7c5 42. Rxc5 Rxc5 43. a3 bxa3+ 44. Kxa3 Kf8 45. Rd4 Ke7 46. b4
axb4+ 47. Kxb4 Rc8 48. a5 f6 49. gxf6+ Kxf6 50. Rd6+ Kg7 51. Kb5 Kh6 52. a6 Kh5
53. a7 Ra8 54. Kb6 g5 55. fxg5 Kxg5 56. Kb7 Rxa7+ 57. Kxa7 Kf4 58. Kb6 Ke3 59.
Re6+ Kd4 60. Rf6 Ke4 61. Kc5 f4 62. Kc4 Ke3 63. Kc3 f3 64. Re6+ Kf2 65. Kd2 Kg2
66. Ke3 1-0

[Event "V. Art Pub Kupa"]
[Site "?"]
[Date "2014.08.10"]
[Round "6.6"]
[White "Berta, Sandor"]
[Black "Kokeny, Norbert Adrian"]
[Result "1/2-1/2"]
[WhiteElo "2031"]
[BlackElo "1916"]
[PlyCount "157"]
[EventDate "2014.08.07"]
[SourceDate "2014.08.07"]

1. e4 d6 2. d4 Nf6 3. Nc3 c6 4. a4 Qa5 5. Bd3 e5 6. Nge2 Nbd7 7. O-O Be7 8. Rb1
O-O 9. b4 Qc7 10. Bc4 Nb6 11. Ba2 a5 12. b5 Re8 13. Ng3 h6 14. h3 Bf8 15. Be3
Nbd7 16. Qd2 exd4 17. Bxd4 c5 18. Be3 Nb6 19. Rbd1 Be6 20. Nd5 Nbxd5 21. exd5
Bd7 22. Qd3 Rad8 23. Rfe1 Bc8 24. c4 g6 25. Bb1 Bg7 26. Qd2 h5 27. Bg5 Rxe1+
28. Rxe1 Re8 29. Rxe8+ Nxe8 30. Qe1 Kf8 31. Qe3 Bd4 32. Qd2 b6 33. Ne2 Bf6 34.
Be3 Ng7 35. Bh6 Kg8 36. Ng3 Qe7 37. Bf4 Ne8 38. Kf1 Kf8 39. Bc2 Be5 40. Bg5 Bf6
41. Bf4 Be5 42. Bg5 Bf6 43. Be3 Qe5 44. Ne4 Bg7 45. Bf4 Qa1+ 46. Ke2 Be5 47.
Be3 Qh1 48. Bh6+ Ke7 49. Qg5+ Kd7 50. Bf8 Kc7 51. f4 Qc1 52. Qe7+ Bd7 53. fxe5
Qxc2+ 54. Nd2 dxe5 55. Qxe5+ Kc8 56. Bh6 f6 57. Qe4 Qxe4+ 58. Nxe4 Bf5 59. Ke3
Bxe4 60. Kxe4 Nd6+ 61. Kd3 Kd7 62. Bf4 Nf7 63. Bh2 Ng5 64. Ke3 Nf7 65. Bf4 Nd8
66. Ke4 Nf7 67. g4 hxg4 68. hxg4 Nd6+ 69. Kd3 Nf7 70. Bg3 Nd6 71. Bh2 Nf7 72.
Bf4 Nd6 73. Bxd6 Kxd6 74. Ke4 Kd7 75. Kf4 Kd6 76. Ke4 Kd7 77. Kf3 Kd8 78. Kf4
Kd7 79. Ke4 1/2-1/2

[Event "V. Art Pub Kupa"]
[Site "?"]
[Date "2014.08.10"]
[Round "6.7"]
[White "Marta, Dominik"]
[Black "Mester, Attila"]
[Result "1-0"]
[WhiteElo "1963"]
[BlackElo "2006"]
[PlyCount "137"]
[EventDate "2014.08.07"]
[SourceDate "2014.08.07"]

1. d4 Nf6 2. Nf3 g6 3. g3 Bg7 4. Bg2 O-O 5. O-O d6 6. a4 a5 7. Nc3 c6 8. e4 Qc7
9. Re1 e5 10. dxe5 dxe5 11. b3 Na6 12. Qe2 Bg4 13. Ba3 Rfd8 14. Rad1 Bf8 15.
Bxf8 Kxf8 16. Qe3 Kg7 17. Na2 Bxf3 18. Bxf3 Qe7 19. Qb6 Qc7 20. Qe3 b6 21. Qc3
Nc5 22. Qc4 Qe7 23. Nc3 Qe6 24. Qe2 Kf8 25. Qe3 Ke7 26. Be2 Rxd1 27. Rxd1 Rd8
28. Rxd8 Kxd8 29. Bc4 Qd7 30. Qg5 Qe7 31. f3 Qd6 32. Kg2 Ke7 33. f4 Qd2+ 34.
Ne2 Ncd7 35. Bd3 Ke8 36. Kf3 h5 37. h3 Kf8 38. Qh4 Kg7 39. Qg5 Nc5 40. Bc4 exf4
41. Qxf4 Qxf4+ 42. Kxf4 Nfxe4 43. Nd4 Nd6 44. Be2 Kf6 45. Nxc6 Ne6+ 46. Kf3 Nf5
47. c3 Nd6 48. b4 axb4 49. cxb4 Ng5+ 50. Kg2 Ke6 51. a5 bxa5 52. bxa5 Kd5 53.
Nb4+ Kc5 54. a6 Nc8 55. Nd3+ Kb6 56. Ne5 Nd6 57. h4 Nge4 58. Kf3 Nc5 59. Nc4+
Nxc4 60. Bxc4 f6 61. Bf7 Nd7 62. Bxg6 Ne5+ 63. Kf4 Nxg6+ 64. Kf5 Ne5 65. Kxf6
Ng4+ 66. Kg5 Ne3 67. Kxh5 Nf5 68. g4 Ng3+ 69. Kg6 1-0

[Event "V. Art Pub Kupa"]
[Site "?"]
[Date "2014.08.10"]
[Round "6.8"]
[White "Gasparics, Akos"]
[Black "Fekete, Martin"]
[Result "0-1"]
[WhiteElo "2002"]
[BlackElo "1842"]
[PlyCount "156"]
[EventDate "2014.08.07"]
[SourceDate "2014.08.07"]

1. e4 e5 2. Nf3 Nc6 3. Bc4 Be7 4. d4 d6 5. dxe5 dxe5 6. Qxd8+ Bxd8 7. Nc3 Bg4
8. Be3 Be7 9. Ng5 Bh5 10. Nd5 Bd6 11. f3 h6 12. Nh3 Nge7 13. O-O-O O-O-O 14. g4
Bg6 15. Nf2 Kb8 16. Nd3 Nxd5 17. Bxd5 Nb4 18. Nxb4 Bxb4 19. h4 f6 20. Be6 Rd6
21. Rxd6 Bxd6 22. Rg1 Re8 23. Bd5 c6 24. Bc4 b6 25. Be2 Kc7 26. Rd1 Rd8 27. c3
Rd7 28. Bc4 Re7 29. a4 a5 30. Bxb6+ Kxb6 31. Rxd6 Kc5 32. Re6 Rc7 33. Be2 Bf7
34. b4+ axb4 35. cxb4+ Kxb4 36. Rd6 Kxa4 37. Rd8 Kb4 38. Rb8+ Kc3 39. Rd8 c5
40. Rd3+ Kb4 41. Rd2 Ra7 42. Rb2+ Bb3 43. Bd3 Kc3 44. Bb1 c4 45. Rd2 Ra1 46.
Re2 Ra7 47. Rd2 Kb4 48. Rd8 Ba4 49. Rb8+ Kc3 50. Rb2 Kd4 51. Ra2 Ra6 52. Bc2
Bb5 53. Rb2 Ra1+ 54. Bb1 Ba6 55. g5 hxg5 56. hxg5 c3 57. Rb6 Ke3 58. gxf6 gxf6
59. Rd6 Be2 60. Kc2 Bxf3 61. Rxf6 Bxe4+ 62. Kxc3 Rxb1 63. Re6 Rb5 64. Rh6 Bf3
65. Kc4 Be2+ 66. Kc3 e4 67. Rh3+ Bf3 68. Rh2 Rc5+ 69. Kb2 Be2 70. Rh3+ Kd2 71.
Rh4 Rb5+ 72. Ka3 e3 73. Rh2 Ke1 74. Rh3 Kd2 75. Rh2 Rh5 76. Rg2 Rf5 77. Kb2 Rf2
78. Rg5 Bd3 0-1

[Event "V. Art Pub Kupa"]
[Site "?"]
[Date "2014.08.10"]
[Round "6.9"]
[White "Kovacs, Istvan"]
[Black "Szentgyorgyi, Sandor"]
[Result "1-0"]
[WhiteElo "2209"]
[BlackElo "1845"]
[PlyCount "119"]
[EventDate "2014.08.07"]
[SourceDate "2014.08.07"]

1. c4 e5 2. g3 Nf6 3. Bg2 d5 4. cxd5 Nxd5 5. Nc3 Nb6 6. Nf3 Nc6 7. O-O Be7 8.
d3 O-O 9. Bd2 Be6 10. Qc1 Qc8 11. Re1 Bh3 12. Bh1 h5 13. Ne4 h4 14. Neg5 hxg3
15. hxg3 Bg4 16. Be3 Nd5 17. Nxe5 Nxe3 18. Qxe3 Nxe5 19. Qxe5 Bf6 20. Qf4 c6
21. Rab1 Qf5 22. Qxf5 Bxf5 23. Ne4 Be5 24. Bf3 Rad8 25. Rec1 Bc8 26. b4 f5 27.
Nc5 f4 28. Ne4 fxg3 29. Nxg3 Rf6 30. Kg2 Rdf8 31. b5 Bf4 32. Rc2 cxb5 33. Rxb5
b6 34. Rh5 Be6 35. Bd5 Bxd5+ 36. Rxd5 Bd6 37. Ne4 Rg6+ 38. Rg5 Rxg5+ 39. Nxg5
Bc5 40. e3 Be7 41. Ne4 Rf7 42. d4 Bh4 43. d5 Re7 44. Nd6 Rd7 45. Nf5 Bf6 46. e4
Be5 47. Rc6 Kh7 48. Re6 Bc7 49. d6 Bd8 50. e5 Rf7 51. Ne7 b5 52. Nc6 Bb6 53. f3
a5 54. Re7 Kg8 55. e6 Rf6 56. Re8+ Kh7 57. d7 Rg6+ 58. Kf1 b4 59. d8=Q Bxd8 60.
Nxd8 1-0

[Event "V. Art Pub Kupa"]
[Site "?"]
[Date "2014.08.10"]
[Round "6.10"]
[White "Farkas, Janos"]
[Black "Juhasz, Bela"]
[Result "1/2-1/2"]
[WhiteElo "1769"]
[BlackElo "2087"]
[PlyCount "149"]
[EventDate "2014.08.07"]
[SourceDate "2014.08.07"]

1. e4 c5 2. Nf3 e6 3. c3 d5 4. exd5 Qxd5 5. Na3 Nf6 6. Nb5 Na6 7. d4 cxd4 8.
Nbxd4 Nc5 9. Bb5+ Bd7 10. O-O Be7 11. Qe2 a6 12. Bxd7+ Ncxd7 13. Re1 O-O 14.
Bg5 h6 15. Bh4 Rac8 16. a3 Rfe8 17. Rad1 Qh5 18. h3 Qg6 19. Ne5 Nxe5 20. Qxe5
Rc5 21. Qe2 Rh5 22. Bxf6 Bxf6 23. Qf3 Re7 24. Kf1 e5 25. g4 Rg5 26. Nf5 Rc7 27.
Rd6 h5 28. Rxe5 Bxe5 29. Rxg6 Rxg6 30. Qd5 Re6 31. Nd4 Re8 32. Nf3 Bf4 33. Qf5
Bc1 34. Qxh5 Bxb2 35. Qa5 Rxc3 36. Kg2 Rxa3 37. Qb4 Bc1 38. Qxb7 Rf8 39. h4 Ra4
40. Ne5 Rd4 41. Qxa6 Bf4 42. Nc6 Rd7 43. g5 Re8 44. Qc4 Re6 45. Ne5 Rde7 46.
Nxf7 Re4 47. Nh6+ Kh7 48. Qg8+ Kg6 49. Ng4 Bxg5 50. f3 Rxg4+ 51. fxg4 Bxh4 52.
Qd5 Bg5 53. Qd3+ Kh6 54. Qh3+ Kg6 55. Qh5+ Kf6 56. Qh7 g6 57. Qh8+ Kf7 58. Qh7+
Kf6 59. Qh8+ Kf7 60. Qc8 Kg7 61. Qc5 Kh8 62. Qd4+ Kh7 63. Qc5 Kh6 64. Qc3 Kh7
65. Qa5 Kh6 66. Kf2 Re4 67. Qa8 Rf4+ 68. Kg3 Rf7 69. Qh8+ Rh7 70. Qa1 Re7 71.
Qh8+ Rh7 72. Qf8+ Rg7 73. Qh8+ Rh7 74. Qa8 Re7 75. Qh8+ 1/2-1/2

[Event "V. Art Pub Kupa"]
[Site "?"]
[Date "2014.08.10"]
[Round "6.11"]
[White "Karacsonyi, Gellert"]
[Black "Terbe, Julianna"]
[Result "1/2-1/2"]
[WhiteElo "1806"]
[BlackElo "2030"]
[PlyCount "58"]
[EventDate "2014.08.07"]
[SourceDate "2014.08.07"]

1. e4 d6 2. d4 Nf6 3. Nc3 g6 4. Bg5 Bg7 5. Qd2 h6 6. Bf4 g5 7. Bg3 Nh5 8. Bd3
Nxg3 9. hxg3 Nc6 10. Nge2 a6 11. Qe3 Nb4 12. O-O-O Nxd3+ 13. Qxd3 Bd7 14. f4 e6
15. Rh5 Qe7 16. Qe3 O-O-O 17. Kb1 Kb8 18. Rf1 f6 19. Rhh1 Bc6 20. Qd3 d5 21. e5
fxe5 22. fxe5 Rhf8 23. g4 Rf7 24. Ng3 Rdf8 25. Nh5 Be8 26. Nxg7 Rxf1+ 27. Rxf1
Qxg7 28. Rxf8 Qxf8 29. Qf3 Qxf3 1/2-1/2

[Event "V. Art Pub Kupa"]
[Site "?"]
[Date "2014.08.10"]
[Round "6.12"]
[White "Bohus, Adam"]
[Black "Persanyi, Barnabas"]
[Result "1-0"]
[WhiteElo "2029"]
[BlackElo "1737"]
[PlyCount "61"]
[EventDate "2014.08.07"]
[SourceDate "2014.08.07"]

1. d4 e6 2. c4 c5 3. d5 exd5 4. cxd5 Ne7 5. e4 Ng6 6. Nc3 d6 7. f4 Be7 8. Nf3
Bf6 9. Bd3 O-O 10. O-O Re8 11. Qc2 Na6 12. a3 Nc7 13. Bd2 a6 14. a4 b6 15. Rae1
Bxc3 16. bxc3 b5 17. c4 bxc4 18. Bxc4 Rb8 19. f5 Ne5 20. Nxe5 Rxe5 21. Bc3 Re8
22. f6 g6 23. Qd2 Kh8 24. e5 dxe5 25. Rxe5 Rxe5 26. Bxe5 Rb7 27. Re1 Bd7 28.
Qh6 Qg8 29. Bd6 Ne8 30. Rxe8 Bxe8 31. Bf8 1-0

[Event "V. Art Pub Kupa"]
[Site "?"]
[Date "2014.08.10"]
[Round "6.13"]
[White "Pasztorcsik, Janos"]
[Black "Lakatos, Tamas"]
[Result "1-0"]
[WhiteElo "1997"]
[BlackElo "1555"]
[PlyCount "87"]
[EventDate "2014.08.07"]
[SourceDate "2014.08.07"]

1. d4 Nf6 2. Bg5 d5 3. Bxf6 exf6 4. e3 c6 5. Nf3 Bg4 6. h3 Bxf3 7. Qxf3 Qb6 8.
b3 Nd7 9. Bd3 Qa5+ 10. c3 Bd6 11. O-O O-O 12. Qf5 Rfd8 13. Qxh7+ Kf8 14. b4 Qc7
15. Re1 f5 16. Qxf5 Nf6 17. Nd2 Re8 18. g4 Qd7 19. Qxd7 Nxd7 20. a4 a5 21. b5
c5 22. Bf5 Nb6 23. Nb3 cxd4 24. cxd4 g6 25. Bd3 Rec8 26. Rec1 Rxc1+ 27. Nxc1
Bb4 28. Ra2 Rc8 29. Rc2 Rb8 30. Ra2 Rc8 31. Ne2 Kg7 32. Kg2 Kf6 33. h4 Rh8 34.
g5+ Kg7 35. Kg3 f6 36. Rc2 fxg5 37. Rc7+ Kg8 38. Rxb7 gxh4+ 39. Kh3 Nxa4 40.
Rb8+ Bf8 41. Bxg6 Rh6 42. Nf4 Kg7 43. Rb7+ Kf6 44. Rf7+ 1-0

[Event "V. Art Pub Kupa"]
[Site "?"]
[Date "2014.08.10"]
[Round "6.14"]
[White "Fodor, Balazs"]
[Black "Berki, Zsofi Anna"]
[Result "1-0"]
[WhiteElo "1877"]
[BlackElo "1710"]
[PlyCount "37"]
[EventDate "2014.08.07"]
[SourceDate "2014.08.07"]

1. d4 d5 2. c4 e6 3. Nc3 c6 4. Nf3 Bd6 5. Bg5 Qb6 6. c5 Bxc5 7. dxc5 Qxb2 8.
Na4 Qb4+ 9. Bd2 Qe4 10. e3 Nd7 11. Bc3 Qg6 12. Bd3 f5 13. g4 Qf7 14. gxf5 exf5
15. Bxf5 Ngf6 16. Bc2 O-O 17. Rg1 Nh5 18. Bxh7+ Kh8 19. Bg6 1-0

[Event "V. Art Pub Kupa"]
[Site "?"]
[Date "2014.08.10"]
[Round "6.15"]
[White "Lengyel, Andrea"]
[Black "Schubert, Gyula"]
[Result "1-0"]
[WhiteElo "1748"]
[BlackElo "2033"]
[PlyCount "119"]
[EventDate "2014.08.07"]
[SourceDate "2014.08.07"]

1. d4 g6 2. c4 Bg7 3. Nf3 d6 4. Nc3 Nf6 5. e4 O-O 6. Be3 Nbd7 7. Qd2 c6 8. Bh6
Qa5 9. Bxg7 Kxg7 10. Bd3 a6 11. h4 h5 12. Qg5 e5 13. Rb1 Nh7 14. Qe3 Ndf6 15.
b4 Qc7 16. d5 Ng4 17. Qd2 Bd7 18. a4 Nhf6 19. a5 c5 20. Ne2 b6 21. bxc5 Qxc5
22. O-O bxa5 23. Ra1 a4 24. Nc3 a3 25. Qa2 Rfb8 26. Qxa3 Qxa3 27. Rxa3 Bc8 28.
Rfa1 Nd7 29. Na4 Ngf6 30. Nd2 Nb6 31. Nxb6 Rxb6 32. Nb3 Nd7 33. Rc1 Rab8 34.
Rc3 Kf8 35. c5 dxc5 36. Nxc5 Nxc5 37. Rxc5 Bb7 38. Rcc3 Ke8 39. Rcb3 Bc8 40.
Rc3 Kd7 41. Bc2 Bb7 42. Bd3 Rc8 43. Rcb3 Rxb3 44. Rxb3 Rc7 45. Ra3 Rc1+ 46. Kh2
Re1 47. f3 Rd1 48. Bxa6 Bc8 49. Bxc8+ Kxc8 50. Ra7 f5 51. Re7 fxe4 52. fxe4 Rf1
53. Rxe5 Rf6 54. Re6 Rxe6 55. dxe6 Kd8 56. Kg3 Ke7 57. Kf4 Kxe6 58. Kg5 Kf7 59.
e5 Kg7 60. e6 1-0

[Event "V. Art Pub Kupa"]
[Site "?"]
[Date "2014.08.10"]
[Round "6.16"]
[White "Ronai, Akos Balazs"]
[Black "Mako, Zoltan"]
[Result "0-1"]
[WhiteElo "1702"]
[BlackElo "1974"]
[PlyCount "66"]
[EventDate "2014.08.07"]
[SourceDate "2014.08.07"]

1. d4 Nf6 2. c4 g6 3. Nc3 Bg7 4. e4 d6 5. f4 O-O 6. Nf3 Na6 7. Be2 c5 8. d5 Bd7
9. O-O Nc7 10. a4 a6 11. Bd2 Rb8 12. h3 b5 13. e5 Nh5 14. Kh2 Bh6 15. Ng1 Ng7
16. g4 Nge8 17. g5 Bg7 18. axb5 axb5 19. cxb5 Nxb5 20. Nxb5 Bxb5 21. Ba5 Qc8
22. Bxb5 Rxb5 23. Qe2 Qb7 24. Bc3 Nc7 25. Rfd1 Rb8 26. Qf3 c4 27. Bd4 Qxd5 28.
Ra7 Ne6 29. Qxd5 Rxd5 30. Nf3 Nxd4 31. Rxd4 Rxd4 32. Nxd4 dxe5 33. fxe5 Bxe5+
0-1

[Event "V. Art Pub Kupa"]
[Site "?"]
[Date "2014.08.10"]
[Round "6.17"]
[White "Pasztor, Bence"]
[Black "Zahonyi-Abel, Mark"]
[Result "0-1"]
[WhiteElo "1523"]
[BlackElo "1865"]
[PlyCount "86"]
[EventDate "2014.08.07"]
[SourceDate "2014.08.07"]

1. e4 d5 2. exd5 Qxd5 3. Nc3 Qa5 4. d4 c6 5. Nf3 Nf6 6. Bd2 Qc7 7. Bd3 Bg4 8.
h3 Bh5 9. Qe2 e6 10. O-O-O Nbd7 11. g4 Bg6 12. Rhe1 O-O-O 13. Kb1 Bxd3 14. Qxd3
Bd6 15. Qe3 Nd5 16. Nxd5 cxd5 17. Ne5 Nxe5 18. dxe5 Bc5 19. Qe2 Kb8 20. Bg5 Rc8
21. c3 Qb6 22. f4 Rc6 23. f5 Rhc8 24. Be3 Qc7 25. Qd3 Bxe3 26. Rxe3 h6 27. fxe6
fxe6 28. Ree1 Rc4 29. Qd2 Rf8 30. Re3 Rcf4 31. Qd3 Qb6 32. Rd2 Qc5 33. b4 Qb6
34. Kc2 Qc6 35. Kb3 a5 36. a3 a4+ 37. Kc2 Rc4 38. Qe2 d4 39. Red3 Rxc3+ 40. Kb2
Qc4 41. Kb1 Rc1+ 42. Kb2 Rff1 43. Qxf1 Rxf1 0-1

[Event "V. Art Pub Kupa"]
[Site "?"]
[Date "2014.08.10"]
[Round "6.18"]
[White "Veress, Gaspar"]
[Black "Csalami, Gabor"]
[Result "1-0"]
[WhiteElo "1857"]
[BlackElo "1794"]
[PlyCount "107"]
[EventDate "2014.08.07"]
[SourceDate "2014.08.07"]

1. b4 Nf6 2. Bb2 e6 3. a3 d5 4. e3 c5 5. b5 Bd6 6. Nf3 O-O 7. c4 b6 8. Be2 Bb7
9. d4 Nbd7 10. O-O cxd4 11. Nxd4 Rc8 12. Nd2 Bb8 13. a4 dxc4 14. Ba3 Re8 15.
Nxc4 Rxc4 16. Bxc4 Qc7 17. g3 Qxc4 18. Rc1 Qd5 19. Nc6 Kh8 20. Qxd5 Nxd5 21.
Nxb8 Rxb8 22. Bd6 Re8 23. e4 N5f6 24. f3 Rd8 25. Rfd1 h6 26. Bc7 Rc8 27. Bd6
Nc5 28. a5 Nfd7 29. a6 Ba8 30. Bf4 Re8 31. Be3 f5 32. Rxd7 Nxd7 33. Rc7 Ne5 34.
Kf2 Rd8 35. Rxa7 Nc4 36. Re7 Nxe3 37. Kxe3 fxe4 38. fxe4 Kh7 39. Rxe6 Rd1 40.
Re8 Re1+ 41. Kd2 Rb1 42. Rxa8 Rxb5 43. Rb8 Ra5 44. Rxb6 Ra2+ 45. Kc3 Rxh2 46.
Rb2 Rh1 47. Ra2 Rc1+ 48. Kb4 Re1 49. a7 Rxe4+ 50. Kc5 Re5+ 51. Kd6 Re8 52. a8=Q
Rxa8 53. Rxa8 g5 54. g4 1-0

[Event "V. Art Pub Kupa"]
[Site "?"]
[Date "2014.08.10"]
[Round "6.20"]
[White "Csajbok, Levente Tamas"]
[Black "Abraham, Lajos"]
[Result "1/2-1/2"]
[WhiteElo "1319"]
[BlackElo "1803"]
[PlyCount "86"]
[EventDate "2014.08.07"]
[SourceDate "2014.08.07"]

1. e4 e5 2. Nf3 Nc6 3. Bb5 a6 4. Ba4 Nf6 5. O-O d6 6. Re1 Bg4 7. c3 b5 8. Bc2
Be7 9. h3 Bh5 10. d3 h6 11. Nbd2 Nh7 12. Nf1 Ng5 13. Bxg5 Bxg5 14. Ng3 Bg6 15.
d4 Qf6 16. a4 O-O 17. d5 Ne7 18. Qe2 Bf4 19. axb5 axb5 20. Qxb5 Rfb8 21. Qd3
Rxb2 22. c4 Rab8 23. Ra7 c6 24. Rc7 cxd5 25. cxd5 Ra8 26. Bb3 Ra3 27. Rc3 Kh7
28. Bc4 Rxc3 29. Qxc3 Rb8 30. Bd3 Rc8 31. Qb2 Nxd5 32. Ba6 Rc6 33. Qb5 Rc5 34.
Qd3 Nb4 35. Qf1 Bxg3 36. fxg3 d5 37. exd5 Qxa6 38. Qxa6 Nxa6 39. Rxe5 Nb4 40.
d6 Rxe5 41. Nxe5 Bf5 42. d7 Bxd7 43. Nxd7 Nc6 1/2-1/2

[Event "V. Art Pub Kupa"]
[Site "?"]
[Date "2014.08.10"]
[Round "6.22"]
[White "Balla, Attila"]
[Black "Gorog, Almos"]
[Result "1/2-1/2"]
[WhiteElo "1844"]
[BlackElo "1627"]
[PlyCount "108"]
[EventDate "2014.08.07"]
[SourceDate "2014.08.07"]

1. e4 e6 2. d3 d5 3. Nd2 c5 4. Ngf3 Nc6 5. g3 Bd6 6. Bg2 Nge7 7. O-O O-O 8. Nh4
b6 9. f4 dxe4 10. dxe4 Ba6 11. Re1 Bc7 12. e5 Bb7 13. Qh5 f6 14. Ne4 Qe8 15.
Nxf6+ gxf6 16. Qg4+ Ng6 17. exf6 Rxf6 18. f5 Nce5 19. Rxe5 Bxe5 20. Bxb7 Bd4+
21. Kg2 exf5 22. Nxf5 Rb8 23. Bd5+ Kh8 24. Bh6 Rxf5 25. Qxf5 Ne7 26. Qg5 Nxd5
27. Qxd5 Rd8 28. Qf3 Qg6 29. Qf4 Qc6+ 30. Kh3 Qe6+ 31. g4 Be5 32. Qe3 Rg8 33.
Rg1 Qd6 34. Re1 Bd4 35. Bf4 Qd5 36. Be5+ Qxe5 37. Qxe5+ Bxe5 38. Rxe5 Rd8 39.
b3 Rd2 40. Re8+ Kg7 41. Re7+ Kg6 42. Rxa7 Rxc2 43. Kg3 h5 44. h3 hxg4 45. hxg4
Kg5 46. Rg7+ Kf6 47. Rb7 Rxa2 48. Rxb6+ Kg5 49. Rb5 Rc2 50. b4 Rc3+ 51. Kf2
Kxg4 52. Rxc5 Rb3 53. b5 Kf4 54. Ke2 Ke4 1/2-1/2

[Event "V. Art Pub Kupa"]
[Site "?"]
[Date "2014.08.10"]
[Round "6.23"]
[White "Firnigel, Janos"]
[Black "B. Kiss, Tamas"]
[Result "1-0"]
[WhiteElo "1795"]
[BlackElo "1439"]
[PlyCount "85"]
[EventDate "2014.08.07"]
[SourceDate "2014.08.07"]

1. d4 d5 2. c4 e6 3. e3 Nf6 4. a3 c6 5. Nf3 Be7 6. Nc3 O-O 7. Bd3 dxc4 8. Bxc4
c5 9. O-O Nc6 10. h3 cxd4 11. exd4 h6 12. Re1 Qb6 13. b4 a5 14. b5 Na7 15. a4
Bb4 16. Bd2 Qc7 17. Qb3 b6 18. d5 Bxc3 19. Bxc3 Nxd5 20. Bxd5 exd5 21. Qxd5 Bb7
22. Qd4 f6 23. Rac1 Bxf3 24. gxf3 Rad8 25. Qg4 Qd7 26. Qg3 Nc8 27. Bb2 Qd2 28.
Ba1 Rd5 29. h4 Rd7 30. Kg2 Ne7 31. Qg4 Rdd8 32. Qe6+ Kh7 33. Bc3 Qf4 34. Qxe7
Qxh4 35. Qe4+ Qxe4 36. fxe4 g5 37. Red1 Rde8 38. f3 g4 39. Rd6 gxf3+ 40. Kxf3
f5 41. Rd7+ Kg6 42. Rg7+ Kh5 43. Rh1# 1-0

[Event "V. Art Pub Kupa"]
[Site "?"]
[Date "2014.08.10"]
[Round "6.24"]
[White "Tamasi, Zoltan"]
[Black "Gyenes, Mate"]
[Result "1-0"]
[WhiteElo "1736"]
[BlackElo "1246"]
[PlyCount "55"]
[EventDate "2014.08.07"]
[SourceDate "2014.08.07"]

1. e4 Nf6 2. d3 d5 3. Nd2 e6 4. Ngf3 Bc5 5. Be2 Nc6 6. O-O O-O 7. c3 dxe4 8.
dxe4 e5 9. Qc2 Bg4 10. Nc4 Bxf3 11. Bxf3 Qe7 12. Be3 Bxe3 13. Nxe3 Rad8 14. Qb3
Qc5 15. Rfd1 Qb6 16. Qxb6 axb6 17. Kf1 Rxd1+ 18. Rxd1 Rd8 19. Rxd8+ Nxd8 20.
Nc4 Nc6 21. a4 Kf8 22. b4 Nd7 23. Bg4 Nf6 24. Bc8 Ke7 25. Bxb7 Nd8 26. a5 bxa5
27. bxa5 Nxb7 28. a6 1-0

[Event "V. Art Pub Kupa"]
[Site "?"]
[Date "2014.08.10"]
[Round "6.25"]
[White "Szurkos, Andras"]
[Black "Karacsonyi, Kata"]
[Result "1-0"]
[WhiteElo "1775"]
[BlackElo "1377"]
[PlyCount "53"]
[EventDate "2014.08.07"]
[SourceDate "2014.08.07"]

1. e4 e5 2. Nc3 Nf6 3. f4 d5 4. fxe5 Nxe4 5. Nf3 Nxc3 6. dxc3 Nc6 7. Be3 Bg4 8.
Be2 Be7 9. O-O O-O 10. b4 a6 11. a4 Qd7 12. Qd2 Rfd8 13. Rad1 Bxf3 14. Bxf3
Nxe5 15. Bxd5 Qxa4 16. Qf2 c6 17. Bxf7+ Kh8 18. Bd4 Bf6 19. Bb3 Qb5 20. Qf5 Qe2
21. Rde1 Qd2 22. Bxe5 Bh4 23. g3 Bg5 24. Bxg7+ Kxg7 25. Qe5+ Kg6 26. Bf7+ Kh6
27. Rf6+ 1-0

[Event "V. Art Pub Kupa"]
[Site "?"]
[Date "2014.08.10"]
[Round "6.26"]
[White "Dibusz, Domonkos"]
[Black "Jurak, Miklosne"]
[Result "1-0"]
[WhiteElo "1456"]
[BlackElo "1691"]
[PlyCount "69"]
[EventDate "2014.08.07"]
[SourceDate "2014.08.07"]

1. e4 c6 2. d4 d5 3. Nc3 dxe4 4. Nxe4 Bf5 5. Ng3 Bg6 6. h4 h6 7. Nf3 Nd7 8. h5
Bh7 9. Bd3 Bxd3 10. Qxd3 Qc7 11. Bd2 Ngf6 12. O-O-O O-O-O 13. Qe2 e6 14. Rhe1
Bd6 15. Ne5 Bxe5 16. dxe5 Nd5 17. c4 Ne7 18. f4 Nc5 19. Bb4 Qb6 20. Bxc5 Qxc5
21. Ne4 Qa5 22. Kb1 Rxd1+ 23. Rxd1 Rf8 24. Qd3 Qc7 25. Qd6 g6 26. Qb4 c5 27.
Qb5 Nc6 28. Nd6+ Kb8 29. Qb3 f6 30. Nb5 Qe7 31. Rd6 Rc8 32. Qf3 Nd8 33. Qd3
fxe5 34. Rd7 Qh4 35. Qd6+ 1-0